| 000 | 00527nam a2200205Ia 4500 | ||
|---|---|---|---|
| 003 | OSt | ||
| 005 | 20140311163100.0 | ||
| 008 | 140130s9999 xx 000 0 und d | ||
| 020 | _a0590254677 | ||
| 050 |
_aPZ 7 _b.B6654Fg 1995 |
||
| 100 |
_aBourgeois, Paulette _923066 |
||
| 245 |
_cBourgeois, Paulette _aFranklin goes to school / |
||
| 260 |
_bScholastic, _c1995. _aNew York : |
||
| 300 |
_a29 p. : _bcol. ill. ; _c22 cm. |
||
| 440 |
_v1 _931174 |
||
| 521 | _aG2 | ||
| 526 | _c420 | ||
| 942 |
_cBK _2lcc |
||
| 999 |
_c40297 _d40297 |
||